000 00657cam a2200229 a 4500
001 2452756
003 OSt
005 20160505123928.0
008 890711s1989 cau 000 1 eng
010 _a 89016251
020 _a0918949068 :
_c$9.00
040 _aSEKU
043 _an-us-ca
050 0 0 _aPS 3551. S37
_bF7 1989
100 1 _aAshley, Mary Anne,
_d1934-
245 1 0 _aFragments I saved from the fire :
_bstories /
_cby Mary Anne Ashley.
250 _a1st ed.
260 _aWatsonville, Calif. :
_bPapier-Mache Press,
_cc1989.
300 _a110 p. ;
_c22 cm.
651 0 _aCalifornia
_xSocial life and customs
_xFiction.
942 _2lcc
_cGEN
999 _c13383
_d13383